Normal view
MARC view
- Bush, Grace A
Entry Personal Name
001 - CONTROL NUMBER
- control field: 101975
003 - CONTROL NUMBER IDENTIFIER
- control field: NUST
005 - DATE AND TIME OF LATEST TRANSACTION
- control field: 20221031125932.0
008 - FIXED-LENGTH DATA ELEMENTS
- fixed length control field: 221031|| aca||aabn | a|a d
040 ## - CATALOGING SOURCE
- Original cataloging agency: NUST
- Transcribing agency: NUST
100 ## - HEADING--PERSONAL NAME
- Personal name: Bush, Grace A
670 ## - SOURCE DATA FOUND
- Source citation: Work cat.: (NUST)179767: Bush, Grace A. , Foundations of mathematics:, [1968]
